[Event "ESP-ch U10 rapid"]
[Site "Salobrena"]
[Date "2024.07.06"]
[Round "2"]
[White "Alonso Lej Garcia, Daniel"]
[Black "Alfaro Aldunate, Lucia"]
[Result "1-0"]
[WhiteElo "1666"]
[BlackElo "1504"]
[PlyCount "97"]
[EventDate "2024.07.06"]
[EventType "swiss (rapid)"]
[EventRounds "9"]
[EventCountry "ESP"]
[SourceTitle "EXT 2025"]
[Source "ChessBase"]
[SourceDate "2024.10.14"]
[SourceVersion "1"]
[SourceVersionDate "2024.10.14"]
[SourceQuality "1"]

1. e4 c5 2. Nf3 Nc6 3. d4 cxd4 4. Nxd4 g6 5. Nc3 Bg7 6. Be3 Nf6 7. Bc4 0-0 8. 0-0 d6 9. h3 Bd7 10. f4 a6 11. a4 Rc8 12. Bb3 Na5 13. Ba2 Nc4 14. Bxc4 Rxc4 15. Qe2 Rb4 16. Rfb1 Qc7 17. Na2 Rc4 18. b3 Rc5 19. Qd3 Rc8 20. c3 Rh5 21. Bf2 Bc6 22. Nxc6 Qxc6 23. Re1 Nd7 24. Rac1 Nf6 25. g4 Ra5 26. Nb4 Qc7 27. Qe3 Nd7 28. Nd5 Qc6 29. Nxe7+ Kf8 30. Nxc6 Rxc6 31. Red1 Kg8 32. Qd3 Bh8 33. e5 d5 34. b4 Rxa4 35. Qxd5 Rc7 36. Bb6 Rc6 37. Qxd7 Rxb6 38. Qxa4 Rc6 39. Rd8+ Kg7 40. Rxh8 Kxh8 41. Qxc6 bxc6 42. Ra1 Kg7 43. Rxa6 c5 44. b5 f6 45. exf6+ Kf7 46. b6 Ke6 47. b7+ Kd5 48. b8Q c4 49. Qe5# 1-0

[Event "ESP-ch U10"]
[Site "Salobrena"]
[Date "2024.07.05"]
[Round "7"]
[White "Alonso Lej Garcia, Daniel"]
[Black "Beneyto De Ramon, Jaime"]
[Result "1/2-1/2"]
[WhiteElo "1666"]
[BlackElo "1596"]
[PlyCount "115"]
[EventDate "2024.07.01"]
[EventType "swiss"]
[EventRounds "9"]
[EventCountry "ESP"]
[SourceTitle "EXT 2025"]
[Source "ChessBase"]
[SourceDate "2024.10.14"]
[SourceVersion "1"]
[SourceVersionDate "2024.10.14"]
[SourceQuality "1"]

1. e4 e5 2. Nf3 Nc6 3. Bb5 a6 4. Ba4 d6 5. c3 Nge7 6. h3 Bd7 7. d4 Ng6 8. d5 Nb8 9. Be3 Bxa4 10. Qxa4+ Nd7 11. Nbd2 Be7 12. Qc2 0-0 13. 0-0 Nh4 14. Nxh4 Bxh4 15. Nf3 Be7 16. Qb3 b6 17. Rfe1 Nc5 18. Bxc5 bxc5 19. c4 Qd7 20. Qc2 f5 21. exf5 Qxf5 22. Qe4 Rab8 23. b3 Qxe4 24. Rxe4 Bf6 25. Ne1 Rf7 26. Nd3 Rbf8 27. Rae1 a5 28. R1e2 Ra8 29. Nb2 Rc8 30. Na4 Rb8 31. Nc3 Ra8 32. a4 Rb8 33. Nb5 Rb6 34. R2e3 Rd7 35. Rf3 Kf7 36. g4 g5 37. h4 h6 38. hxg5 hxg5 39. Rh3 Kg6 40. Kg2 c6 41. Rd3 cxb5 42. cxb5 Rf7 43. f3 Be7 44. Rc3 Rf4 45. Rcc4 Rb8 46. Re3 Rxc4 47. bxc4 Bd8 48. Kf2 Bb6 49. Ke2 Rf8 50. Kf2 Rf4 51. Re4 Rf8 52. Re3 Rh8 53. Kg2 Kf6 54. Re4 Rf8 55. Kf2 Kg6 56. Re3 Rf4 57. Re4 Kf6 58. Ke3 1/2-1/2

[Event "ESP-ch U10"]
[Site "Salobrena"]
[Date "2024.07.02"]
[Round "3"]
[White "Alonso Lej Garcia, Daniel"]
[Black "Garcia Jimenez, Cesar"]
[Result "1/2-1/2"]
[WhiteElo "1666"]
[BlackElo "1442"]
[PlyCount "178"]
[EventDate "2024.07.01"]
[EventType "swiss"]
[EventRounds "9"]
[EventCountry "ESP"]
[SourceTitle "EXT 2025"]
[Source "ChessBase"]
[SourceDate "2024.10.14"]
[SourceVersion "1"]
[SourceVersionDate "2024.10.14"]
[SourceQuality "1"]

1. e4 c5 2. Nf3 e6 3. d4 cxd4 4. Nxd4 Nc6 5. Nc3 a6 6. Bc4 Nf6 7. Be3 Bb4 8. Bd3 0-0 9. 0-0 d5 10. exd5 Nxd5 11. Nxd5 exd5 12. c3 Ba5 13. Qc2 Nxd4 14. Bxh7+ Kh8 15. Bxd4 Bc7 16. Bf5 Qh4 17. g3 Bxf5 18. Qxf5 Qe4 19. Qg5 f6 20. Qe3 Qc2 21. Qf3 Rad8 22. a4 Qxb2 23. Rab1 Qc2 24. Rxb7 Be5 25. Qh5+ Qh7 26. Qxh7+ Kxh7 27. Re1 Rfe8 28. Bxe5 fxe5 29. Rb6 d4 30. cxd4 Rxd4 31. Rxa6 Rd3 32. Rc6 Ra3 33. Rc4 Ra2 34. Rce4 Rf8 35. R1e2 Ra3 36. Rxe5 Rxa4 37. h4 Rf6 38. Rg5 Ra3 39. Re7 Kh6 40. Rexg7 Ra1+ 41. Kg2 Rxf2+ 42. Kxf2 Rf1+ 43. Kg2 Rg1+ 44. Kh3 Rh1+ 45. Kg4 Rxh4+ 46. Kf3 Rf4+ 47. Ke3 Re4+ 48. Kf2 Re2+ 49. Kf3 Re3+ 50. Kf4 Re4+ 51. Kf3 Re3+ 52. Kg2 Re2+ 53. Kh3 Rh2+ 54. Kg4 Rh4+ 55. Kf5 Rf4+ 56. Ke6 Re4+ 57. Re5 Rxe5+ 58. Kxe5 Kxg7 59. Kf5 Kf7 60. g4 Kg8 61. Kg6 Kh8 62. Kf7 Kh7 63. g5 Kh8 64. Ke6 Kg7 65. Kf5 Kf7 66. Ke4 Kg7 67. Ke5 Kg6 68. Kf4 Kg7 69. Kg4 Kg6 70. Kf4 Kg7 71. Kf5 Kf7 72. g6+ Kg7 73. Kg5 Kg8 74. Kf4 Kf8 75. Kf5 Kg7 76. Kg5 Kg8 77. Kg4 Kg7 78. Kf5 Kg8 79. Kg4 Kg7 80. Kg5 Kg8 81. Kf5 Kg7 82. Kg5 Kg8 83. Kf6 Kf8 84. Ke6 Kg7 85. Kf5 Kg8 86. Kg5 Kg7 87. Kh5 Kg8 88. Kg4 Kg7 89. Kg5 Kg8 1/2-1/2